000 00775nam a2200253Ia 4500
003 OSt
005 20220923220738.0
006 a|||||r|||| 00| 0
007 ta
008 220922b |||||||| |||| 00| 0 hin d
024 _a189,878
037 _cTextual
040 _aARTS
_cARTS
_bhin
041 _2hin
_ahin
082 _aO152,2N43,AN, M5
100 _aप्रेम, रामेश्वर
245 0 _aअंतरंग
246 _aAantaranga
260 _aनई दिल्ली
_b राधकृष्ण प्रकाशन
_c1985
300 _a61पृ.
_ccm.
650 _aहिन्दी कहानी
942 _hO152,2N43,AN, M5
_cTEXL
_2CC
999 _c342705
_d342705